Получение магнитных сплавов на основе РЗМ и магнитов из них: диссертация на соискание ученой степени кандидата технических наук

Detaylı Bibliyografya
Yazar: Буйновский П. А. Павел Александрович
Müşterek Yazar: Томский политехнический университет (ТПУ) Северский технологический институт (СТИ)
Özet:For_staff_use
Dil:Rusça
Baskı/Yayın Bilgisi: Северск, 2000
Konular:
Materyal Türü: Kitap
KOHA link:https://koha.lib.tpu.ru/cgi-bin/koha/opac-detail.pl?biblionumber=30225

MARC

LEADER 00000nbm0a2200000 4500
001 30225
005 20231030203830.0
035 |a (RuTPU)RU\TPU\book\30495 
035 |a BOOK00030572 
090 |a 30225 
100 |a 20011209d2001 k y0rusy50 ca 
101 0 |a rus 
102 |a RU 
105 |a y m 001zy 
200 1 |a Получение магнитных сплавов на основе РЗМ и магнитов из них  |e диссертация на соискание ученой степени кандидата технических наук  |f П. А. Буйновский  |g Северский технологический институт; Томский политехнический университет 
210 |a Северск  |d 2000 
215 |a 323 л. 
320 |a Библиогр.: с. 282-305. 
371 0 |a For_staff_use 
610 1 |a металлургия 
610 1 |a редкоземельные металлы 
610 1 |a РЗМ 
610 1 |a магниты 
610 1 |a магнитные сплавы 
610 1 |a лигатуры 
610 1 |a сплавы 
610 1 |a переплав 
610 1 |a диссертации 
675 |a 669.85/.86(04)  |v 3 
700 1 |a Буйновский  |b П. А.  |g Павел Александрович 
712 0 2 |a Томский политехнический университет (ТПУ)  |b Северский технологический институт (СТИ)  |c (1995-2001)  |2 stltpush  |3 (RuTPU)RU\TPU\col\14 
801 0 |a RU  |b 63413507  |c 20011209  |g PSBO 
801 2 |a RU  |b 63413507  |c 20090316  |g PSBO 
942 |c BK